Odhad elasticity substitúcie vstupov pomocou panelových údajov pre rôzne krajiny

Odhadované hodnoty elasticity substitúcie vstupov pre rôzne ekonomiky sveta pomocou panelových údajov. Vzťah medzi rastom, rozvojom a otvorenosťou ekonomík a elasticitou substitúcie vstupov. Na odhad sú použité ekonometrické špecifikácie vyplývajúce z podmienok prvého rádu firmy maximalizujúcej zisk...

Descrizione completa

Salvato in:
Dettagli Bibliografici
Autore principale: Szomolányi, Karol, 1976-
Altri autori: Lukáčik, Martin, 1974-, Lukáčiková, Adriana, 1971-
Natura: Capitolo di libro
Lingua:slovacco
Soggetti:
Tags: Aggiungi Tag
Nessun Tag, puoi essere il primo ad aggiungerne!!

MARC

LEADER 00000naa$a2200000$$$4500
001 0270829
005 20240502074241.2
041 0 |a slo 
044 |a SK 
245 1 0 |a Odhad elasticity substitúcie vstupov pomocou panelových údajov pre rôzne krajiny  |c Karol Szomolányi, Martin Lukáčik, Adriana Lukáčiková 
520 |a Odhadované hodnoty elasticity substitúcie vstupov pre rôzne ekonomiky sveta pomocou panelových údajov. Vzťah medzi rastom, rozvojom a otvorenosťou ekonomík a elasticitou substitúcie vstupov. Na odhad sú použité ekonometrické špecifikácie vyplývajúce z podmienok prvého rádu firmy maximalizujúcej zisk. Súvis medzi hodnotami elasticity substitúcie vstupov a hospodárskym rastom, hospodárskym rozvojom a mierou otvorenosti. 
610 2 0 |a dáta 
610 2 0 |a produkt domáci hrubý 
610 2 0 |a substitúcia 
100 1 |a Szomolányi, Karol, 1976- 
700 1 |a Lukáčik, Martin, 1974- 
700 1 |a Lukáčiková, Adriana, 1971-